000 00580nam a22002417a 4500
003 UA-OsUOA
001 21136
007 ta
008 20031119b un ||||| |||| 00| 0 ukr d
100 _aКардашов В.
090 _a94(4)"1939/1945"
_bК21
942 _cBK
040 _aUA-OsUOA
_brus
_cUA-OsUOA
_dUA-OsUOA
245 _a5 июля 1943
300 _a223 с.
955 _a0
041 _arus
080 _a94(4)"1939/1945"
260 _aМосква
_bМолодая гвардия
_c1983
044 _aRU
650 7 _2UDC
999 _c307329
_d307329